01369nam a2200277 i 4500001000300000245011000003260007000113300002800183490026800211500007800479504002800557650002000585650003800605700002800643700003100671830011400702015001800816040000800834041000800842080001800850942000700868008004100875999001700916856009800933952006001031bg00aSymulacja systemów społeczno-gospodarczych /cpod red. nauk. Alicji Balcerak i Witolda Kwaśnickiego. aWrocław :bOficyna Wydawnicza Politechniki Wrocławskiej,c2005. a280 s. :bil. ;c24 cm.1 aPrace Naukowe Instytutu Organizacji i Zarządzania Politechniki Wrocławskiej. Studia i Materiały =aScientific Papers of the Institute of Industrial Engineering and Management of the Wrocław University of Technology. Studies and Research,x0324-9468 ;vno. 19 aNr serii gł.: 77. Tyt. równol.: Simulation of social-economic systems. aBibliogr. przy pracach. 9aGry kierownicze 9aSymulacjaxstosowaniexgospodarka1 aBALCERAK, Alicja.eRed.1 aKWAŚNICKI, Witold.eRed. 0aPrace Naukowe Instytutu Organizacji i Zarządzania Politechniki Wrocławskiej. Studia i Materiały ;vno. 19 aPB 15731/2006 cBPK0 apol a65.012:004.94 cKS s pl f |000 0 pol  c52678d52678 uhttp://koha.tu.koszalin.pl/cgi-bin/koha/opac-detail.pl?biblionumber=52678yKatalog online BPK 00104071aBPKbBPKceho81475p02345017t330.43 EyKS